000 00655nam a2200253Ia 4500
003 OSt
005 20221005042244.0
006 a|||||r|||| 00| 0
007 ta
008 221004b |||||||| |||| 00| 0 eng d
024 _a20366
037 _cTextual
040 _aCRL
_cCRL
_beng
041 _2eng
_aeng
082 _a98aN57, K4;3 (BB)
110 _aUNIVERSITY OF DELHI
245 0 _aAbstracts of theses
260 _aDelhi
_bUniversity of Delhi India
_c1964
300 _a191p.
_ccm.
650 _aGENERALIA
700 _aUNIVERSITY OF DELHI
942 _h98aN57, K4;3 (BB)
_cTEXL
_2cc
999 _c949915
_d949915